书目信息 |
| 题名: |
电视纪录片概论
|
|
| 作者: | 陈一 , 史鹏英 , 王旻诗 编著 | |
| 分册: | ||
| 出版信息: | 北京 国防工业出版社 2014 |
|
| 页数: | 223页 | |
| 开本: | 23cm | |
| 丛书名: | 广播影视新视角丛书 | |
| 单 册: | ||
| 中图分类: | J952 | |
| 科图分类: | ||
| 主题词: | 电视纪录片--概论 , 电视纪录片 | |
| 电子资源: | ||
| ISBN: | 978-7-118-09293-6 | |
| 000 | 01187nam0 2200289 450 | |
| 001 | 523 | |
| 005 | 20140910105241.79 | |
| 010 | @a978-7-118-09293-6@dCNY32.00 | |
| 100 | @a20140411d2014 em y0chiy50 ea | |
| 101 | 0 | @achi |
| 102 | @aCN@b110000 | |
| 105 | @aa z 000yy | |
| 106 | @ar | |
| 200 | 1 | @a电视纪录片概论@ADian Shi Ji Lu Pian Gai Lun@f陈一,史鹏英,王旻诗编著@FChen Yi, Shi Peng Ying, Wang旻 Shi Bian Zhu |
| 210 | @a北京@c国防工业出版社@d2014 | |
| 215 | @a223页@c图,照片@d23cm | |
| 225 | 2 | @a广播影视新视角丛书@f孙宜君,陈龙主编 |
| 330 | @a本书基于电视纪录片的历史演进和理论渊源,从文化研究的意义上对纪录片的定义、类型和功能做了梳理和阐释。在比较中外电视纪录片发展路径和美学流派之后,书中介绍了电视纪录片的“选题与拍摄”、“编辑与加工”、“播出与管理”三大部分的理念与实务,同时还选取了国内外有代表性的优秀纪录片进行了专题评析。 | |
| 461 | 0 | @12001 @a广播影视新视角丛书 |
| 606 | 0 | @a电视纪录片@x概论 |
| 606 | 0 | @a电视纪录片 |
| 690 | @aJ952@v5 | |
| 701 | 0 | @a陈一@AChen Yi@f(1980~)@4编著 |
| 701 | 0 | @a史鹏英@AShi Peng Ying@c(传媒)@4编著 |
| 701 | 0 | @a王旻诗@AWang旻 Shi@c(传媒)@4编著 |
| 801 | 0 | @aCN@bTANGWEI@c20140603 |
| 905 | @b0839161-63@dJ952@e285@f3 | |
| 电视纪录片概论/陈一,史鹏英,王旻诗编著.-北京:国防工业出版社,2014 |
| 223页:图,照片;23cm.-(广播影视新视角丛书/孙宜君,陈龙主编) |
| ISBN 978-7-118-09293-6:CNY32.00 |
| 本书基于电视纪录片的历史演进和理论渊源,从文化研究的意义上对纪录片的定义、类型和功能做了梳理和阐释。在比较中外电视纪录片发展路径和美学流派之后,书中介绍了电视纪录片的“选题与拍摄”、“编辑与加工”、“播出与管理”三大部分的理念与实务,同时还选取了国内外有代表性的优秀纪录片进行了专题评析。 |
| ● |
| 相关链接 |
|
|
|
|
正题名:电视纪录片概论
索取号:J952/285
 
预约/预借
| 序号 | 登录号 | 条形码 | 馆藏地/架位号 | 状态 | 备注 |
| 1 | 0839161 | 208391612 | 第一样本阅览室/ [索取号:J952/285] | 在馆 | |
| 2 | 0839162 | 208391621 | 第一借阅区/ [索取号:J952/285] | 在馆 | |
| 3 | 0839163 | 208391630 | 第一借阅区/ [索取号:J952/285] | 在馆 |